<?xml version="1.0" encoding="UTF-8"?>
<collection xmlns="http://www.loc.gov/MARC21/slim">
<record>
  <controlfield tag="001">110620</controlfield>
  <controlfield tag="005">20220817094909.0</controlfield>
  <datafield tag="024" ind1="7" ind2=" ">
    <subfield code="2">doi</subfield>
    <subfield code="a">10.7203/Celestinesca.45.21885</subfield>
  </datafield>
  <datafield tag="024" ind1="8" ind2=" ">
    <subfield code="2">sideral</subfield>
    <subfield code="a">125527</subfield>
  </datafield>
  <datafield tag="037" ind1=" " ind2=" ">
    <subfield code="a">ART-2021-125527</subfield>
  </datafield>
  <datafield tag="041" ind1=" " ind2=" ">
    <subfield code="a">spa</subfield>
  </datafield>
  <datafield tag="100" ind1=" " ind2=" ">
    <subfield code="a">Lacarra, María Jesús</subfield>
    <subfield code="u">Universidad de Zaragoza</subfield>
    <subfield code="0">(orcid)0000-0003-2763-4049</subfield>
  </datafield>
  <datafield tag="245" ind1=" " ind2=" ">
    <subfield code="a">Tragicomedia de Calisto y Melibea: testimonios recuperados y una nueva edición [Roma, Marcelo Silber, 1512-1515]</subfield>
  </datafield>
  <datafield tag="260" ind1=" " ind2=" ">
    <subfield code="c">2021</subfield>
  </datafield>
  <datafield tag="506" ind1="0" ind2=" ">
    <subfield code="a">Access copy available to the general public</subfield>
    <subfield code="f">Unrestricted</subfield>
  </datafield>
  <datafield tag="520" ind1="3" ind2=" ">
    <subfield code="a">En el trabajo se repasan los recientes hallazgos de nuevas ediciones, o ejemplares no documentados, de la Tragicomedia de Calisto y Melibea. También se da a conocer un curioso testimonio manipulado, conservado en la Biblioteca estatal de Ulm, que transmite, junto a los dos primeros folios de Valencia (Juan Jofré, 1514), una edición desconocida hasta la fecha que incorpora el éxplicit rimado con la particular con-trahechura «Sevilla 1502». Un análisis tipobiblioiconográfico y de ecdótica textual e iconográfica nos lleva a identificarla como [Roma: Marcelo Silber: 1512-1515].

The article reviews the recent findings of new editions, or undocumented copies, of the Tragicomedia de Calisto y Melibea. An interesting manipulated testimony,preserved in the State Library of Ulm, is presented. This copy includes a testimony of two Valencia 1514 edition folios and an unknown edition with the particular explicit that includes the fake place and date «Sevilla 1502». After a bibliographical, textual and material-iconographic analysis, we consider this new edition as [Roma: Marcello Silber: 1512-1515].</subfield>
  </datafield>
  <datafield tag="536" ind1=" " ind2=" ">
    <subfield code="9">info:eu-repo/grantAgreement/ES/DGA/H21-17R</subfield>
    <subfield code="9">info:eu-repo/grantAgreement/ES/MICINN-AEI/PID2019-104989GB-I00</subfield>
  </datafield>
  <datafield tag="540" ind1=" " ind2=" ">
    <subfield code="9">info:eu-repo/semantics/openAccess</subfield>
    <subfield code="a">by-nc-nd</subfield>
    <subfield code="u">http://creativecommons.org/licenses/by-nc-nd/3.0/es/</subfield>
  </datafield>
  <datafield tag="594" ind1=" " ind2=" ">
    <subfield code="a">0.1</subfield>
    <subfield code="b">2021</subfield>
  </datafield>
  <datafield tag="655" ind1=" " ind2="4">
    <subfield code="a">info:eu-repo/semantics/article</subfield>
    <subfield code="v">info:eu-repo/semantics/publishedVersion</subfield>
  </datafield>
  <datafield tag="700" ind1=" " ind2=" ">
    <subfield code="a">Jiménez Ruiz, Ana</subfield>
    <subfield code="u">Universidad de Zaragoza</subfield>
  </datafield>
  <datafield tag="710" ind1="2" ind2=" ">
    <subfield code="1">3013</subfield>
    <subfield code="2">583</subfield>
    <subfield code="a">Universidad de Zaragoza</subfield>
    <subfield code="b">Dpto. Lingüíst.y Liter.Hispán.</subfield>
    <subfield code="c">Área Literatura Española</subfield>
  </datafield>
  <datafield tag="773" ind1=" " ind2=" ">
    <subfield code="g">45 (2021), 99-128</subfield>
    <subfield code="p">Celestinesca</subfield>
    <subfield code="t">Celestinesca</subfield>
    <subfield code="x">0147-3085</subfield>
  </datafield>
  <datafield tag="856" ind1="4" ind2=" ">
    <subfield code="s">8392401</subfield>
    <subfield code="u">http://zaguan.unizar.es/record/110620/files/texto_completo.pdf</subfield>
    <subfield code="y">Versión publicada</subfield>
  </datafield>
  <datafield tag="856" ind1="4" ind2=" ">
    <subfield code="s">1067568</subfield>
    <subfield code="u">http://zaguan.unizar.es/record/110620/files/texto_completo.jpg?subformat=icon</subfield>
    <subfield code="x">icon</subfield>
    <subfield code="y">Versión publicada</subfield>
  </datafield>
  <datafield tag="909" ind1="C" ind2="O">
    <subfield code="o">oai:zaguan.unizar.es:110620</subfield>
    <subfield code="p">articulos</subfield>
    <subfield code="p">driver</subfield>
  </datafield>
  <datafield tag="951" ind1=" " ind2=" ">
    <subfield code="a">2022-08-17-09:37:51</subfield>
  </datafield>
  <datafield tag="980" ind1=" " ind2=" ">
    <subfield code="a">ARTICLE</subfield>
  </datafield>
</record>
</collection>